| 000 | 00478nam a22001697a 4500 | ||
|---|---|---|---|
| 005 | 20251108170125.0 | ||
| 008 | 250721s1985 xx 000 0 ara d | ||
| 082 | 1 | 4 | _aط/ق/نوس |
| 100 | 1 | _aنوسوف، نيقولاي | |
| 245 | 1 | 0 | _aفي ضيافة الجد / |
| 264 | 1 |
_aموسكو : _bدار رادوغا، _c1985. |
|
| 300 | _a14ص : مص | ||
| 650 | 1 | 7 | _aقصص الأطفال |
| 700 | 1 |
_aيوسف، أبو بكر _eترجمة |
|
| 942 |
_2ddc _cBK |
||
| 999 |
_c40292 _d40292 |
||